Bacha, na zdi za tebou leze mravenec /

Hlavní autor: Procházková, Kateřina, 1976-
Další autoři: Weigl, Petr, 1939-2018
Jazyk: Čeština
Vydáno: Praha : Pragoline, 2001
Vydání: Vyd. 2.
Témata:
Fyzický popis: 163 s. : il. ; 16 cm
Knihy
Uloženo v:
LEADER 00960nam a2200289 a 4500
001 000581083
003 CZ BrMZK
005 20120229122227.0
007 ta
008 010825s2001 xr g f cze d
015 |a cnb001036747 
020 |a 80-86546-00-4 
035 |a (OCoLC)49575256 
040 |a BOA001  |b cze 
072 7 |a 821.162.3-3  |x Česká próza  |2 Konspekt  |9 25 
080 |a 821.162.3-32  |2 MRF 
080 |a (0:82-32)  |2 MRF 
100 1 |a Procházková, Kateřina,  |d 1976-  |7 jn20010523020  |4 aut 
245 1 0 |a Bacha, na zdi za tebou leze mravenec /  |c Kateřina Procházková ; [foto: Petr Weigl] 
250 |a Vyd. 2. 
260 |a Praha :  |b Pragoline,  |c 2001 
300 |a 163 s. :  |b il. ;  |c 16 cm 
655 7 |a české novely  |7 fd133969  |2 czenas 
700 1 |a Weigl, Petr,  |d 1939-2018  |7 jn20000402675  |4 pht 
910 |a BOA001  |b 1-1096.046 
990 |a BK 
996 6 |b 2610149780  |c 1-1096.046  |l MZK  |r Sklad / do 1 hodiny  |n 8  |p p.v.  |w 000582865  |u 000010  |a 1  |e BOA001  |j MZK50  |s P